| 000 | 00000nam 2200000za 4500 |
| 001 | 9.686208 |
| 003 | CaOODSP |
| 005 | 20210624230430 |
| 007 | cr ||||||||||| |
| 008 | 150407s2001 onc|||||o f|0| 0 eng d |
| 020 | |a0-662-30787-9 |
| 040 | |aCaOODSP|beng |
| 043 | |an-cn--- |
| 086 | 1 |aBT43-100/2001E-IN |
| 110 | 1 |aCanada.|bTreasury Board.|bHuman Resources Branch. |
| 245 | 10|aHuman resources management framework |h[electronic resource] : |ba reference tool for managers. |
| 250 | |a2001 ed. |
| 260 | |aOttawa : |bTreasury Board of Canada Secretariat, |cc2001. |
| 300 | |a20 p. : |billus., tables. |
| 500 | |aThe catalogue number (BT43-100/2001) and ISBN (0662-65930-9) for the bilingual print edition have been incorrectly copied in this electronic publication. |
| 590 | |a12-01-Supp|b2012-01-13 |
| 690 | 07|aHuman resources|2gcpds |
| 690 | 07|aPersonnel management|2gcpds |
| 775 | 08|tCadre de gestion des ressources humaines |w(CaOODSP)9.630711 |
| 776 | 0#|tHuman Resources Management Framework : |w(CaOODSP)9.663007 |
| 776 | 0#|tCadre de gestion des ressources humaines : |w(CaOODSP)9.663008 |
| 856 | 40|ahttp://publications.gc.ca|qPDF|s93 KB|uhttps://publications.gc.ca/collections/Collection/BT43-100-2001E.pdf |